• 首页
  • 本馆介绍
  • 公告通知
  • 最新文献
  • 馆藏检索
  • 电子资源
  • 读者导购
  • 参考咨询
  • 我的图书馆
  • 登录
  • 详细信息显示
  • 放入我的书架
  • 预约/预借图书
  • 作者相关作品
  • 分类相关作品
  • 丛书相关作品
  • 出版社相关作品

书目信息

  • 表格格式
  • 工作单格式
  • 卡片格式
题名:
人物志
    
 
作者: 梁满仓 译注
分册:  
出版信息: 北京   中华书局  2014.02
页数: 213页
开本: 24cm
丛书名:
单 册:
中图分类: C96
科图分类:
主题词:
电子资源:
ISBN: 978-7-101-09826-6
000 00513nam0 2200169 450
001 202410222468147848
005 20241022092904.48
010    @a978-7-101-09826-6@d¥16.00
100    @a20241022d km y0chiy0120 ea
101 0  @achi
200 1  @a人物志@ARen Wu Zhi@f梁满仓译注@FLiang Man Cang Yi Zhu
210    @a北京@c中华书局@d2014.02
215    @a213页@d24cm
690    @aC96@v4
701  0 @a梁满仓@ALiang Man Cang@4译注
801  0 @aCN@b大连网信软件有限公司图书馆·11@c20241022
905    @aZUCC@b7512958@dC96@e146@f1
    
    人物志/梁满仓译注.-北京:中华书局,2014.02
    213页;24cm
    
    
    ISBN 978-7-101-09826-6:¥16.00
    
●
相关链接 在E读中查询图书 在五车中查询图书 在当当中查询图书 在豆瓣中查询图书


正题名:人物志     索取号:C96/146         预约/预借

序号 登录号 条形码 馆藏地/架位号 状态 备注
1 7512958   275129585   密集书库-史法系/ [索取号:C96/146] 在馆    
唐山师范学院图书馆 欢迎您!
大连网信软件有限公司© 版权所有